000 00734nam a2200265Ia 4500
003 OSt
005 20220918164329.0
006 a|||||r|||| 00| 0
007 ta
008 220917b |||||||| |||| 00| 0 eng d
020 _a0521558158
024 _a5,205
037 _cTextual
040 _aARTS
_cARTS
_beng
041 _2eng
_aeng
082 _aR3xN02:gx, N5
100 _aO'Hear Anthony. ed
_918363
245 0 _aKarl Popper
_b Philosophy and problems
260 _aCambridge
_bCUP
_c1995
300 _aiv,297p
_ccm.
490 _aRoyal institute of philosophy supplement; 39
650 _aMETAPHYSICS
_913358
942 _hR3xN02:gx, N5
_cTEXL
_2CC
999 _c124288
_d124288